000 00277nam a2200121Ia 4500
008 190216s9999||||xx |||||||||||||| ||und||
100 _aMookerjee S S
245 0 _aTheory And Practice Of Managment
260 _bNull
_c1979
300 _a440p
650 _aCommerce
942 _cBK
999 _c4874
_d4874